[Event "Veliko Gradiste Silver Lake op"]
[Site "Veliko Gradiste"]
[Date "2018.06.18"]
[Round "3"]
[White "Eswaran, Ashritha"]
[Black "Akin, Yagiz Cinar"]
[Result "1/2-1/2"]
[WhiteElo "2150"]
[BlackElo "2005"]
[PlyCount "85"]
[EventDate "2018.06.17"]
[EventType "swiss"]
[EventRounds "9"]
[EventCountry "SRB"]
[SourceTitle "CBM 185 Extra"]
[Source "ChessBase"]
[SourceDate "2018.07.29"]
[SourceVersion "1"]
[SourceVersionDate "2018.07.29"]
[SourceQuality "1"]

1. e4 g6 2. d4 Bg7 3. Nc3 d6 4. Nf3 a6 5. Be2 b5 6. 0-0 Bb7 7. Bd3 Nd7 8. Ne2 c5 9. c3 e5 10. a4 c4 11. Bc2 Ne7 12. Bd2 0-0 13. Qc1 f5 14. Ng5 Rf6 15. f3 h6 16. Nh3 f4 17. axb5 axb5 18. Rxa8 Qxa8 19. Qa1 Rf8 20. b3 g5 21. Qb2 Qa7 22. Ra1 Qb6 23. bxc4 exd4 24. cxd4 Nc6 25. Kf1 Nxd4 26. Bc3 Nxc2 27. Qxc2 Bxc3 28. Qxc3 Rc8 29. Rd1 Rxc4 30. Qd3 Nc5 31. Qxd6 Qxd6 32. Rxd6 Ba6 33. Rxh6 b4 34. Ke1 b3 35. Rb6 Ra4 36. Nc3 Ra1+ 37. Kd2 Ra2+ 38. Kd1 Ra1+ 39. Kd2 Ra2+ 40. Kd1 Bc4 41. Rb4 Ra1+ 42. Kd2 Ra2+ 43. Kd1 1/2-1/2